Sectas y nuevos movimientos religiosos: antología de textos de la Iglesia Católica 1986-1994

সংরক্ষণ করুন:
গ্রন্থ-পঞ্জীর বিবরন
সংস্থা লেখক: Consejo Episcopal Latinoamericano (Author), CELAM (Author)
বিন্যাস: গ্রন্থ
ভাষা:স্প্যানিশ
প্রকাশিত: Bogotá CELAM 1996
মালা:Colección Iglesia en Misión, 2
বিষয়গুলি:
ট্যাগগুলো: ট্যাগ যুক্ত করুন
কোনো ট্যাগ নেই, প্রথমজন হিসাবে ট্যাগ করুন!

MARC

LEADER 00000nam a2200000 a 4500
001 UCQ7836
003 CL-VaPUC
008 981121e19960000CK |||||||||||||||||spa|d
082 0 4 |a 291.9  |b CON  |2 21 
110 2 |a Consejo Episcopal Latinoamericano  |e author  |9 421568 
710 2 |a CELAM  |e author  |9 421569 
245 1 0 |a Sectas y nuevos movimientos religiosos: antología de textos de la Iglesia Católica 1986-1994 
300 |a 171 p 
942 |c BK 
945 |d 19981121 00:00:00  |a aarredon 
260 |a Bogotá  |b CELAM  |c 1996 
650 7 |a SECTAS RELIGIOSAS  |2 CL-VaPUC  |9 421570 
650 0 |a Religiones  |9 265211 
650 0 |a Iglesia Católica  |9 256114 
650 7 |a MOVIMIENTOS RELIGIOSOS  |2 CL-VaPUC  |9 346572 
583 |a last modification  |c 19981121 00:00:00  |k Rodrigo Vera 
490 0 |a Colección Iglesia en Misión, 2 
999 |c 277217  |d 277215 
952 |0 0  |1 0  |4 0  |6 291_900000000000000_CON_1996  |7 0  |8 A  |9 315042  |a BIBTEO  |b BIBTEO  |d 2019-11-20  |i 3483649  |o 291.9 CON 1996  |p 3483649  |r 2024-01-18  |w 2019-11-20  |y BK  |k ICR 
952 |0 0  |1 0  |4 0  |6 291_900000000000000_CON_1996  |7 0  |8 A  |9 315043  |a BIBTEO  |b BIBTEO  |d 2019-11-20  |i 4069595  |o 291.9 CON 1996  |p 4069595  |r 2024-01-18  |w 2019-11-20  |y BK  |k ICR